000 00258nam a22001217a 4500
003 SGT
082 _a954
_bI69D
100 _aDAS, DURGA
245 _a INDIA :FROM GURZAM TO NEHRU
260 _bCOLLINS PUBLICATIONS
_c1969
300 _a487
942 _2ddc
_cBK
999 _c32044
_d32044